书目信息 |
| 题名: |
韩非子学院
|
|
| 作者: | 秦榆 编著 | |
| 分册: | ||
| 出版信息: | 北京 中国长安出版社 2006 |
|
| 页数: | 277页 | |
| 开本: | 24cm | |
| 丛书名: | 现代国学大讲堂 | |
| 单 册: | ||
| 中图分类: | B226.55 | |
| 科图分类: | ||
| 主题词: | 法家 | |
| 电子资源: | ||
| ISBN: | 7-80175-519-7 | |
| 000 | 00904oam2 2200277 450 | |
| 001 | 003280659 | |
| 005 | 20070804110401.18 | |
| 010 | @a7-80175-519-7@dCNY28.00 | |
| 100 | @a20060210d2006 em y0chiy0110 ea | |
| 101 | 0 | @achi |
| 102 | @aCN@b110000 | |
| 105 | @ay z 000yy | |
| 200 | 1 | @a韩非子学院@9han fei zi xue yuan@e韩非子的法制统治@f秦榆编著 |
| 210 | @a北京@c中国长安出版社@d2006 | |
| 215 | @a277页@d24cm | |
| 225 | 2 | @a现代国学大讲堂 |
| 330 | @a本书介绍了法家学派与法家智慧、韩非子的为人处世、韩非子的心计谋略、韩非子的人才观、韩非子的领导术、韩非子的说话艺术、韩非子的办事技巧、韩非子的防小人术等。 | |
| 461 | 0 | @12001 @a现代国学大讲堂 |
| 517 | 1 | @a韩非子的法制统治@9han fei zi de fa zhi tong zhi |
| 605 | @a韩非子 | |
| 605 | @a韩非子@x研究 | |
| 606 | 0 | @a法家 |
| 690 | @aB226.55@v4 | |
| 701 | 0 | @a秦榆@9qin yu@4编著 |
| 801 | 0 | @aCN@bNLC@c20070804 |
| 905 | @a10447@dB226.55@e347 | |
| 韩非子学院:韩非子的法制统治/秦榆编著.-北京:中国长安出版社,2006 |
| 277页;24cm.-(现代国学大讲堂) |
| ISBN 7-80175-519-7:CNY28.00 |
| 本书介绍了法家学派与法家智慧、韩非子的为人处世、韩非子的心计谋略、韩非子的人才观、韩非子的领导术、韩非子的说话艺术、韩非子的办事技巧、韩非子的防小人术等。 |
| ● |
| 相关链接 |
|
|
|
|
正题名:韩非子学院
索取号:B226.55/347
 
预约/预借
| 序号 | 登录号 | 条形码 | 馆藏地/架位号 | 状态 | 备注 |
| 1 | 0803450 | 208034508 | 第一样本阅览室/ [索取号:B226.55/347] | 在馆 | |
| 2 | 0803451 | 208034517 | 密集书库/ [索取号:B226.55/347] | 在馆 | |
| 3 | 0803452 | 208034526 | 密集书库/ [索取号:B226.55/347] | 在馆 | |
| 4 | 0803453 | 208034535 | 第一借阅区/ [索取号:B226.55/347] | 在馆 | |
| 5 | 0803454 | 208034544 | 第一借阅区/ [索取号:B226.55/347] | 在馆 | |
| 6 | 0803455 | 208034553 | 教育系资料室/ [索取号:B226.55/347] | 在馆 | |
| 7 | 0803456 | 208034562 | 密集书库/ [索取号:B226.55/347] | 在馆 | |
| 8 | 0803457 | 208034571 | 第一借阅区/ [索取号:B226.55/347] | 在馆 | |
| 9 | 0803458 | 208034580 | 第一借阅区/ [索取号:B226.55/347] | 在馆 | |
| 10 | 0803459 | 208034599 | 密集书库/ [索取号:B226.55/347] | 在馆 |